| 000 | 00684nam a2200193 a 4500 | ||
|---|---|---|---|
| 008 | 120416s1990 ||||||||||||||||| || u | ||
| 020 | _a0198544952 | ||
| 050 | _aG 70.4 Dru | ||
| 100 | _aDrury, Stephen A., 1946- | ||
| 245 | 1 | 2 | _aA guide to remote sensing |
| 246 | _ainterpreting images of the earth | ||
| 260 |
_aOxford _bOxford University Press _c1990 |
||
| 300 | _aviii, 199p. : ill. | ||
| 350 | _a0.00 | ||
| 490 | _aOxford science publications | ||
| 500 | _aBibliography. | ||
| 650 | 0 | _aREMOTE SENSING | |
| 995 |
_D0.00 _FCBU-MAIN LIBRARY (Kitwe) _H1 _I21.50 _M1 _UAVAILABLE _WAug 15, 2006 _ZMain Library Open Access Collection |
||
| 999 |
_c45114 _d45114 |
||